<?xml version="1.0" encoding="UTF-8"?>
<resp>
  <nextPage>https://data.bn.org.pl/api/networks/bibs.marcxml?marc=001+b00001150003841&amp;sinceId=1150003842</nextPage>
  <collection>
    <record xmlns='http://www.loc.gov/MARC21/slim'><leader>01429namZa2200445ZiZ4500</leader><controlfield tag='001'>b00001150003841</controlfield><controlfield tag='005'>20251128072021.8</controlfield><controlfield tag='008'>230609s        pl           |000 0 pol c</controlfield><controlfield tag='009'>9913261604205606</controlfield><datafield ind1=' ' ind2=' ' tag='020'><subfield code='a'>8372458677</subfield></datafield><datafield ind1=' ' ind2=' ' tag='035'><subfield code='a'>KR_1KR_1_20120317230158051219-48omnis_kr</subfield></datafield><datafield ind1=' ' ind2=' ' tag='035'><subfield code='a'>KR_1_20120317230158051219</subfield><subfield code='9'>ExL</subfield></datafield><datafield ind1=' ' ind2=' ' tag='035'><subfield code='a'>(PL)b00001150003841</subfield></datafield><datafield ind1=' ' ind2=' ' tag='040'><subfield code='a'>KR_1</subfield><subfield code='c'>KR_1</subfield></datafield><datafield ind1='1' ind2=' ' tag='041'><subfield code='a'>pol</subfield><subfield code='h'>eng</subfield></datafield><datafield ind1='1' ind2=' ' tag='100'><subfield code='a'>Bates, Brian</subfield></datafield><datafield ind1='1' ind2='0' tag='245'><subfield code='a'>Zapomniana mądrość wyrdu /</subfield><subfield code='c'>Brian Bates ; przekł. Lidia Rafa.</subfield></datafield><datafield ind1=' ' ind2=' ' tag='260'><subfield code='a'>W-wa :</subfield><subfield code='b'>&quot;Amber&quot;,</subfield><subfield code='c'>2000.</subfield></datafield><datafield ind1=' ' ind2=' ' tag='300'><subfield code='a'>208 s. ;</subfield><subfield code='c'>25 cm.</subfield></datafield><datafield ind1='1' ind2=' ' tag='490'><subfield code='a'>Tajemnice Przeszłości</subfield></datafield><datafield ind1=' ' ind2=' ' tag='500'><subfield code='a'>n</subfield></datafield><datafield ind1=' ' ind2=' ' tag='502'><subfield code='a'>Na okł. podtyt.: dawne cywilizacje Europy Zachodniej i intrygująca wiedza sprzed tysiąca lat.</subfield></datafield><datafield ind1=' ' ind2=' ' tag='504'><subfield code='a'>Bibliogr.</subfield></datafield><datafield ind1=' ' ind2='9' tag='650'><subfield code='a'>Kultura życia codziennego</subfield><subfield code='x'>historia</subfield><subfield code='x'>Celtowie</subfield></datafield><datafield ind1=' ' ind2='7' tag='650'><subfield code='a'>Folklor</subfield><subfield code='2'>DBN</subfield></datafield><datafield ind1=' ' ind2='7' tag='650'><subfield code='a'>Magia</subfield><subfield code='2'>DBN</subfield></datafield><datafield ind1=' ' ind2='7' tag='650'><subfield code='a'>Germanie</subfield><subfield code='2'>DBN</subfield></datafield><datafield ind1=' ' ind2='7' tag='650'><subfield code='a'>Celtowie</subfield><subfield code='2'>DBN</subfield></datafield><datafield ind1=' ' ind2='9' tag='650'><subfield code='a'>Kultura życia codziennego</subfield><subfield code='x'>historia</subfield><subfield code='x'>Germanie</subfield></datafield><datafield ind1=' ' ind2=' ' tag='658'><subfield code='a'>Etnologia i antropologia kulturowa</subfield></datafield><datafield ind1=' ' ind2=' ' tag='658'><subfield code='a'>Religia i duchowość</subfield></datafield><datafield ind1='1' ind2=' ' tag='700'><subfield code='a'>Rafa, Lidia</subfield><subfield code='e'>Tł.</subfield></datafield><datafield ind1=' ' ind2=' ' tag='852'><subfield code='b'>48OMNIS_NETWORK</subfield><subfield code='8'>9913261604205606</subfield></datafield><datafield ind1=' ' ind2=' ' tag='852'><subfield code='b'>48OMNIS_KR</subfield><subfield code='8'>991000038399708216</subfield></datafield><datafield ind1=' ' ind2=' ' tag='920'><subfield code='a'>83-7245-867-7</subfield></datafield></record>
  </collection>
</resp>
